| 000 | 00732nam a2200217 i 4500 | ||
|---|---|---|---|
| 001 | 115351 | ||
| 003 | ES-MaACL | ||
| 005 | 20250825062548.0 | ||
| 007 | t| | ||
| 008 | 070307s1929 sp ||||1| spa d | ||
| 080 | _a821.134.2-23"s.XX" | ||
| 100 | 1 |
_aBaena, Carlos M. _924582 |
|
| 245 | 1 | 0 |
_aLevanta, Magdalena _b: comedia en tres actos, en prosa / _cCarlos M. Baena. |
| 260 |
_aMadrid : _bPrensa Moderna, _c1929. |
||
| 300 |
_a72 p. ; _c17 cm. |
||
| 490 | 1 |
_aEl Teatro moderno ; _v214 |
|
| 500 | _aEstrenada, con éxíto extraordinario, en el Teatro Eslava, de Madrid, la noche de septiembre de 1929. | ||
| 830 | 0 | 3 |
_aEl teatro moderno (Prensa Moderna) _v214 _9182365 |
| 852 |
_aES-MaACL _jC-13082 |
||
| 999 |
_c115351 _d115351 |
||